Economic policy and market economy : (Record no. 4212)

MARC details
000 -LEADER
fixed length control field 00725nam a22002057a 4500
003 - CONTROL NUMBER IDENTIFIER
control field OSt
005 - DATE AND TIME OF LATEST TRANSACTION
control field 20250822093825.0
008 - FIXED-LENGTH DATA ELEMENTS--GENERAL INFORMATION
fixed length control field 250822b |||||||| |||| 00| 0 eng d
040 ## - CATALOGING SOURCE
Original cataloging agency DWC-Main Lib
Transcribing agency OC
082 ## - DEWEY DECIMAL CLASSIFICATION NUMBER
Classification number Fil. 330.9 E19 1996
100 ## - MAIN ENTRY--PERSONAL NAME
Personal name Dejillas, Leopoldo J.
245 ## - TITLE STATEMENT
Title Economic policy and market economy :
Remainder of title the Philippine setting/
Statement of responsibility, etc. Leopoldo J. Dejillas
260 ## - PUBLICATION, DISTRIBUTION, ETC.
Place of publication, distribution, etc. Makati City, Philippines :
Name of publisher, distributor, etc. Institute of Development Research and Studies (IDRS),
Date of publication, distribution, etc. c1996.
300 ## - PHYSICAL DESCRIPTION
Extent x, 190 pages :
Other physical details illustrations ;
Dimensions 22cm.
504 ## - BIBLIOGRAPHY, ETC. NOTE
Bibliography, etc. note Includes bibliographical references.
650 ## - SUBJECT ADDED ENTRY--TOPICAL TERM
Topical term or geographic name entry element 1. Philippines.
650 ## - SUBJECT ADDED ENTRY--TOPICAL TERM
Topical term or geographic name entry element 2. Economic Policy.
650 ## - SUBJECT ADDED ENTRY--TOPICAL TERM
Topical term or geographic name entry element 3. Economic History.
942 ## - ADDED ENTRY ELEMENTS (KOHA)
Source of classification or shelving scheme Dewey Decimal Classification
Koha item type Book-Filipiniana
Call number prefix Fil.
Suppress in OPAC No
952 ## - LOCATION AND ITEM INFORMATION (KOHA)
--
Holdings
Withdrawn status Lost status Source of classification or shelving scheme Damaged status Not for loan Home library Current library Shelving location Date acquired Source of acquisition Total Checkouts Full call number Barcode Date last seen Copy number Price effective from Koha item type Uniform Resource Identifier
    Dewey Decimal Classification     College Library College Library Filipiniana 08/10/2023 Donation   Fil. 330.9 E19 1996 CL53834 08/22/2025 c1 08/22/2025 BK - FIL